[Event "MSR_ch16"]
[Site "?"]
[Date "2024.04.06"]
[Round "2.13"]
[White "Pongo, Aron"]
[Black "Hanzel, Richard"]
[Result "1-0"]
[BlackElo "1555"]
[WhiteElo "1887"]
[LiveChessVersion "1.4.8"]

1. d4 {[%clk 1:30:59]} d5 {[%clk 1:30:54]} 2. c4 c6 {[%clk 1:31:17]} 3. Nf3
{[%clk 1:31:50]} Nf6 {[%clk 1:31:41]} 4. Nc3 {[%clk 1:32:17]} e6 {[%clk 1:32:03]}
5. e3 {[%clk 1:32:42]} Nbd7 {[%clk 1:32:28]} 6. Qc2 {[%clk 1:33:07]} Bd6
{[%clk 1:32:25]} 7. Bd3 {[%clk 1:33:11]} dxc4 {[%clk 1:28:58]} 8. Bxc4
{[%clk 1:33:39]} b5 {[%clk 1:28:54]} 9. Be2 {[%clk 1:29:52]} Bb7 {[%clk 1:28:55]}
10. O-O {[%clk 1:29:48]} O-O {[%clk 1:20:00]} 11. e4 Be7 {[%clk 1:15:10]} 12. a3
{[%clk 1:15:38]} a6 {[%clk 1:04:38]} 13. b4 {[%clk 1:12:46]} Qc7 {[%clk 1:00:13]}
14. e5 {[%clk 0:48:29]} Nd5 {[%clk 0:49:25]} 15. Nxd5 {[%clk 0:35:00]} exd5
{[%clk 0:49:47]} 16. Bd3 {[%clk 0:29:34]} g6 {[%clk 0:33:18]} 17. e6
{[%clk 0:14:25]} Nb6 {[%clk 0:21:26]} 18. Bh6 {[%clk 0:13:22]} f5
{[%clk 0:10:35]} 19. Bxf8 {[%clk 0:11:11]} Rxf8 {[%clk 0:10:54]} 20. h4
{[%clk 0:10:40]} Qf4 {[%clk 0:08:13]} 21. Qc1 {[%clk 0:07:43]} Qd6
{[%clk 0:06:48]} 22. Re1 {[%clk 0:06:49]} Bf6 {[%clk 0:05:25]} 23. Ra2
{[%clk 0:06:07]} Re8 {[%clk 0:05:38]} 24. Rae2 {[%clk 0:06:14]} Bc8
{[%clk 0:03:55]} 25. Qc5 {[%clk 0:05:47]} Qc7 {[%clk 0:03:20]} 26. Qc1
{[%clk 0:04:59]} Qd6 {[%clk 0:02:46]} 27. h5 {[%clk 0:04:50]} Kg7
{[%clk 0:02:26]} 28. hxg6 {[%clk 0:04:40]} hxg6 {[%clk 0:02:39]} 29. g3
{[%clk 0:04:19]} Na8 {[%clk 0:01:11]} 30. Kg2 {[%clk 0:03:34]} Nc7
{[%clk 0:01:31]} 31. Rh1 {[%clk 0:03:18]} 1-0

[Event "MSR_ch16"]
[Site "?"]
[Date "2024.04.06"]
[Round "2.14"]
[White "Libich, Oliver"]
[Black "Barta, Dominik"]
[Result "1-0"]
[BlackElo "1577"]
[WhiteElo "1857"]
[LiveChessVersion "1.4.8"]

1. d4 {[%clk 1:30:54]} f5 {[%clk 1:30:56]} 2. Bg5 {[%clk 1:30:06]} h6
{[%clk 1:29:49]} 3. Bh4 {[%clk 1:30:35]} g5 {[%clk 1:29:37]} 4. Bg3
{[%clk 1:30:40]} f4 {[%clk 1:30:00]} 5. e3 {[%clk 1:31:09]} e5 {[%clk 1:25:42]}
6. Qh5+ {[%clk 1:04:16]} Ke7 {[%clk 1:25:53]} 7. Bh4 {[%clk 1:04:40]} Ke6
{[%clk 1:02:52]} 8. dxe5 {[%clk 0:47:39]} gxh4 {[%clk 1:01:07]} 9. Bc4+
{[%clk 0:47:52]} d5 {[%clk 1:00:27]} 10. exd6+ {[%clk 0:48:20]} Kxd6
{[%clk 1:00:19]} 11. Nc3 {[%clk 0:48:30]} Kd7 {[%clk 0:53:41]} 12. O-O-O+
{[%clk 0:46:49]} Bd6 {[%clk 0:52:53]} 13. Qf5+ {[%clk 0:47:13]} 1-0

[Event "MSR_ch16"]
[Site "?"]
[Date "2024.04.06"]
[Round "2.15"]
[White "Roman, Dominik"]
[Black "Polomsky, Tomas"]
[Result "0-1"]
[BlackElo "1951"]
[WhiteElo "1000"]
[LiveChessVersion "1.4.8"]

1. d4 {[%clk 1:30:59]} e6 {[%clk 1:30:32]} 2. Nf3 {[%clk 1:30:28]} Nf6
{[%clk 1:30:41]} 3. g3 {[%clk 1:30:21]} c5 {[%clk 1:30:54]} 4. e3
{[%clk 1:28:49]} b6 {[%clk 1:30:22]} 5. Bg2 {[%clk 1:27:56]} Bb7 {[%clk 1:30:50]}
6. O-O {[%clk 1:24:49]} Nc6 {[%clk 1:28:50]} 7. b3 {[%clk 1:24:37]} Be7
{[%clk 1:27:14]} 8. Bb2 {[%clk 1:18:29]} O-O {[%clk 1:25:32]} 9. Nbd2
{[%clk 1:16:35]} d5 {[%clk 1:21:42]} 10. c4 {[%clk 1:11:49]} Rc8 {[%clk 1:17:51]}
11. Rc1 {[%clk 1:06:27]} Nb4 {[%clk 1:16:21]} 12. a3 {[%clk 1:03:19]} Nd3
{[%clk 1:15:36]} 13. Rc2 {[%clk 1:03:30]} Nxb2 {[%clk 1:15:12]} 14. Rxb2
{[%clk 1:03:46]} dxc4 {[%clk 1:10:22]} 15. bxc4 {[%clk 1:03:21]} cxd4
{[%clk 1:04:08]} 16. exd4 {[%clk 1:00:50]} Qd6 {[%clk 1:00:34]} 17. Qa1
{[%clk 0:55:58]} Ba6 {[%clk 0:59:26]} 18. Rc1 {[%clk 0:48:24]} Rc7
{[%clk 0:57:35]} 19. Rbc2 {[%clk 0:46:33]} Rfc8 {[%clk 0:53:48]} 20. h3
{[%clk 0:40:32]} Bb7 {[%clk 0:50:47]} 21. Rb1 {[%clk 0:35:29]} Ne4
{[%clk 0:46:58]} 22. Re1 {[%clk 0:29:19]} Nxd2 {[%clk 0:46:14]} 23. Nxd2
{[%clk 0:29:36]} Bxg2 {[%clk 0:46:13]} 24. Kxg2 {[%clk 0:29:48]} Qxa3
{[%clk 0:46:16]} 25. Ra2 {[%clk 0:29:34]} Qd6 {[%clk 0:39:11]} 26. Rxa7
{[%clk 0:28:10]} Bf6 {[%clk 0:33:18]} 27. Rxc7 {[%clk 0:23:47]} Qxc7
{[%clk 0:33:13]} 28. Re4 {[%clk 0:21:16]} Qc6 {[%clk 0:32:12]} 29. f3
{[%clk 0:16:43]} Bg5 {[%clk 0:32:26]} 30. f4 {[%clk 0:16:43]} f5 {[%clk 0:32:01]}
31. d5 {[%clk 0:15:16]} exd5 {[%clk 0:32:02]} 32. cxd5 {[%clk 0:14:42]} Qxd5
{[%clk 0:29:52]} 33. Qd4 {[%clk 0:14:47]} Qxd4 {[%clk 0:29:32]} 34. Rxd4
{[%clk 0:15:06]} Bf6 {[%clk 0:30:02]} 35. Rd6 {[%clk 0:15:08]} b5
{[%clk 0:29:58]} 36. Nb3 {[%clk 0:14:36]} b4 {[%clk 0:29:00]} 37. Na5
{[%clk 0:12:17]} Rc2+ {[%clk 0:28:37]} 38. Kf1 {[%clk 0:12:37]} Rc3
{[%clk 0:27:10]} 39. Kg2 {[%clk 0:12:53]} b3 {[%clk 0:27:26]} 40. Rb6
{[%clk 0:13:02]} Rc2+ {[%clk 0:27:23]} 41. Kf1 {[%clk 0:13:09]} b2
{[%clk 0:27:16]} 42. Rb8+ {[%clk 0:12:21]} Kf7 {[%clk 0:27:42]} 43. Rb7+
{[%clk 0:12:37]} Kg6 {[%clk 0:28:11]} 0-1

[Event "MSR_ch16"]
[Site "?"]
[Date "2024.04.06"]
[Round "2.16"]
[White "Tonhajzer, Matus"]
[Black "Mantic, Andrej"]
[Result "0-1"]
[BlackElo "1855"]
[WhiteElo "1549"]
[LiveChessVersion "1.4.8"]

1. d4 {[%clk 1:30:59]} Nf6 {[%clk 1:30:54]} 2. c4 {[%clk 1:31:21]} g6
{[%clk 1:31:05]} 3. Nc3 {[%clk 1:31:37]} Bg7 {[%clk 1:31:00]} 4. Nf3
{[%clk 1:31:47]} O-O {[%clk 1:31:11]} 5. e4 {[%clk 1:31:54]} d6 {[%clk 1:31:02]}
6. Be2 {[%clk 1:31:52]} c5 {[%clk 1:30:30]} 7. O-O {[%clk 1:30:26]} b6
{[%clk 1:26:47]} 8. Be3 {[%clk 1:25:55]} Bb7 {[%clk 1:24:30]} 9. d5
{[%clk 1:17:19]} Nbd7 {[%clk 1:22:58]} 10. h3 {[%clk 1:11:06]} Re8
{[%clk 1:16:42]} 11. Qc2 {[%clk 1:05:40]} a6 {[%clk 1:11:49]} 12. a4
{[%clk 1:03:37]} e6 {[%clk 1:04:42]} 13. Rfb1 {[%clk 0:58:20]} exd5
{[%clk 1:01:59]} 14. exd5 {[%clk 0:52:33]} Qe7 {[%clk 0:57:19]} 15. Bd3
{[%clk 0:39:31]} Ne5 {[%clk 0:49:36]} 16. b4 {[%clk 0:32:57]} Nxf3+
{[%clk 0:47:21]} 17. gxf3 {[%clk 0:33:19]} Nd7 {[%clk 0:43:45]} 18. bxc5
{[%clk 0:28:32]} dxc5 {[%clk 0:43:13]} 19. a5 {[%clk 0:28:36]} Qf6
{[%clk 0:42:18]} 20. Ra3 {[%clk 0:20:22]} Qxf3 {[%clk 0:41:48]} 21. Be4
{[%clk 0:19:48]} Qxh3 {[%clk 0:40:35]} 22. Bg2 {[%clk 0:20:00]} Qh4
{[%clk 0:38:51]} 23. Ra4 {[%clk 0:19:26]} Be5 {[%clk 0:34:52]} 24. Kf1
{[%clk 0:18:41]} Bf4 {[%clk 0:32:56]} 25. Bxf4 {[%clk 0:17:40]} Qxf4
{[%clk 0:31:22]} 26. Ne2 {[%clk 0:16:49]} Qh4 {[%clk 0:30:16]} 27. axb6
{[%clk 0:15:48]} Ne5 {[%clk 0:29:05]} 28. Qc3 {[%clk 0:13:25]} Ng4
{[%clk 0:28:13]} 29. Qg3 {[%clk 0:12:22]} Qg5 {[%clk 0:24:10]} 30. Qf4
{[%clk 0:09:52]} Qh4 {[%clk 0:22:33]} 31. Qg3 {[%clk 0:06:45]} Qh5
{[%clk 0:21:33]} 32. Bh3 {[%clk 0:04:58]} Nh2+ {[%clk 0:19:46]} 33. Qxh2
{[%clk 0:04:49]} Rxe2 {[%clk 0:19:05]} 34. Qg3 {[%clk 0:04:45]} Rae8
{[%clk 0:18:12]} 35. Ra3 {[%clk 0:04:21]} Bc8 {[%clk 0:16:17]} 36. Bg2
{[%clk 0:04:45]} Rd2 {[%clk 0:15:44]} 37. Bf3 {[%clk 0:03:28]} Qf5
{[%clk 0:12:56]} 38. Rab3 {[%clk 0:02:42]} Bb7 {[%clk 0:12:10]} 39. Bg4
{[%clk 0:02:30]} Qe4 {[%clk 0:12:07]} 40. Rc1 {[%clk 0:01:51]} Rc2
{[%clk 0:10:56]} 41. Rc3 {[%clk 0:01:02]} Rxc3 {[%clk 0:10:38]} 42. Rxc3
{[%clk 0:01:18]} Qh1+ {[%clk 0:11:05]} 0-1

[Event "MSR_ch16"]
[Site "?"]
[Date "2024.04.06"]
[Round "2.17"]
[White "Simunek, Matej"]
[Black "Horvath, Simon"]
[Result "1-0"]
[BlackElo "1549"]
[WhiteElo "1711"]
[LiveChessVersion "1.4.8"]

1. d4 {[%clk 1:30:58]} d5 {[%clk 1:30:47]} 2. c4 {[%clk 1:31:17]} Nc6
{[%clk 1:30:03]} 3. Nf3 {[%clk 1:30:32]} Bf5 {[%clk 1:28:45]} 4. Nc3
{[%clk 1:28:37]} e6 {[%clk 1:23:48]} 5. a3 {[%clk 1:25:02]} Nf6 {[%clk 1:19:59]}
6. Bg5 {[%clk 1:21:28]} h6 {[%clk 1:16:11]} 7. Bh4 {[%clk 1:21:18]} Be7
{[%clk 1:12:38]} 8. e3 {[%clk 1:20:46]} O-O {[%clk 1:05:55]} 9. Bxf6
{[%clk 1:15:30]} Bxf6 {[%clk 1:04:26]} 10. cxd5 {[%clk 1:15:36]} exd5
{[%clk 1:03:14]} 11. Bd3 {[%clk 1:13:08]} Qd7 {[%clk 1:00:00]} 12. O-O
{[%clk 1:11:58]} a6 {[%clk 0:52:37]} 13. Rb1 {[%clk 1:04:49]} Rab8
{[%clk 0:50:04]} 14. Na4 {[%clk 0:57:56]} Be7 {[%clk 0:45:48]} 15. Nc5
{[%clk 0:56:57]} Bxc5 {[%clk 0:43:36]} 16. dxc5 {[%clk 0:57:11]} Rfe8
{[%clk 0:39:08]} 17. Qc2 {[%clk 0:47:52]} Bxd3 {[%clk 0:36:32]} 18. Qxd3
{[%clk 0:48:14]} Ne5 {[%clk 0:32:56]} 19. Nxe5 {[%clk 0:47:14]} Rxe5
{[%clk 0:33:12]} 20. Rfd1 {[%clk 0:47:01]} Rd8 {[%clk 0:23:33]} 21. Rd2
{[%clk 0:42:55]} a5 {[%clk 0:15:25]} 22. Qc3 {[%clk 0:42:35]} Rg5
{[%clk 0:12:27]} 23. Qxa5 {[%clk 0:40:51]} Qh3 {[%clk 0:11:16]} 24. g3
{[%clk 0:35:59]} Rh5 {[%clk 0:09:48]} 25. f4 {[%clk 0:35:51]} Qe6
{[%clk 0:08:11]} 26. Re1 {[%clk 0:32:11]} b6 {[%clk 0:08:02]} 27. cxb6
{[%clk 0:31:07]} cxb6 {[%clk 0:08:18]} 28. Qb4 {[%clk 0:30:44]} d4
{[%clk 0:04:16]} 29. Rxd4 {[%clk 0:30:07]} Rhd5 {[%clk 0:04:04]} 30. Rxd5
{[%clk 0:26:54]} Rxd5 {[%clk 0:04:30]} 31. Qb3 {[%clk 0:24:59]} Rh5
{[%clk 0:03:40]} 32. Qxe6 {[%clk 0:25:18]} fxe6 {[%clk 0:03:58]} 33. Rd1
{[%clk 0:25:14]} Rb5 {[%clk 0:04:09]} 34. Rd2 {[%clk 0:25:18]} Kf7
{[%clk 0:04:24]} 35. Kf2 {[%clk 0:25:25]} Kf6 {[%clk 0:04:38]} 36. b4
{[%clk 0:25:10]} e5 {[%clk 0:04:33]} 37. fxe5+ {[%clk 0:24:59]} Rxe5
{[%clk 0:05:01]} 38. Rd6+ {[%clk 0:25:17]} Kf7 {[%clk 0:05:23]} 39. Rxb6
{[%clk 0:25:35]} Rf5+ {[%clk 0:05:27]} 40. Ke2 {[%clk 0:25:43]} Rh5
{[%clk 0:05:48]} 41. h4 {[%clk 0:25:47]} g5 {[%clk 0:05:56]} 42. hxg5
{[%clk 0:25:19]} hxg5 {[%clk 0:06:20]} 43. g4 {[%clk 0:25:31]} Rh2+
{[%clk 0:06:37]} 44. Kf3 {[%clk 0:25:53]} Ra2 {[%clk 0:06:58]} 45. Ra6
{[%clk 0:26:15]} 1-0

[Event "MSR_ch16"]
[Site "?"]
[Date "2024.04.06"]
[Round "2.18"]
[White "Vateha, Tobias"]
[Black "Sujan, Daniel"]
[Result "0-1"]
[BlackElo "1702"]
[WhiteElo "1528"]
[LiveChessVersion "1.4.8"]

1. f4 {[%clk 1:30:59]} d5 {[%clk 1:30:56]} 2. Nf3 {[%clk 1:31:27]} g6
{[%clk 1:31:03]} 3. e3 {[%clk 1:31:46]} Bg7 {[%clk 1:31:08]} 4. Be2
{[%clk 1:31:58]} Nf6 {[%clk 1:31:11]} 5. O-O {[%clk 1:32:21]} O-O
{[%clk 1:31:25]} 6. d4 {[%clk 1:27:22]} Bg4 {[%clk 1:28:26]} 7. Nc3
{[%clk 1:26:47]} c6 {[%clk 1:26:16]} 8. Ne5 {[%clk 1:19:50]} Bxe2
{[%clk 1:26:22]} 9. Qxe2 {[%clk 1:20:10]} Nbd7 {[%clk 1:26:05]} 10. Nf3
{[%clk 1:11:41]} e6 {[%clk 1:25:13]} 11. Bd2 {[%clk 1:05:29]} c5 {[%clk 1:21:46]}
12. Nd1 {[%clk 0:53:54]} Ne4 {[%clk 1:19:18]} 13. Nf2 {[%clk 0:51:05]} Nxd2
{[%clk 1:17:34]} 14. Qxd2 {[%clk 0:51:25]} cxd4 {[%clk 1:17:34]} 15. Nxd4
{[%clk 0:50:46]} Qb6 {[%clk 1:15:19]} 16. c3 {[%clk 0:49:17]} Nc5
{[%clk 1:12:16]} 17. Rfe1 {[%clk 0:35:33]} Ne4 {[%clk 1:11:10]} 18. Nxe4
{[%clk 0:35:57]} dxe4 {[%clk 1:11:34]} 19. Red1 {[%clk 0:32:39]} Bxd4
{[%clk 1:09:18]} 20. exd4 {[%clk 0:31:11]} Rfd8 {[%clk 1:07:20]} 21. Qe2
{[%clk 0:29:41]} f5 {[%clk 1:05:59]} 22. Rd2 {[%clk 0:28:44]} Qd6
{[%clk 1:05:11]} 23. g3 {[%clk 0:27:05]} a6 {[%clk 1:01:47]} 24. a3
{[%clk 0:12:10]} Rd7 {[%clk 0:57:01]} 25. Qc4 {[%clk 0:10:47]} Qc6
{[%clk 0:57:13]} 26. Qxc6 {[%clk 0:08:29]} bxc6 {[%clk 0:57:34]} 27. Rad1
{[%clk 0:08:19]} Rad8 {[%clk 0:57:54]} 28. b4 {[%clk 0:07:36]} Kf7
{[%clk 0:56:08]} 29. h4 {[%clk 0:07:18]} h6 {[%clk 0:55:11]} 30. Rg2
{[%clk 0:05:11]} g5 {[%clk 0:53:53]} 31. h5 {[%clk 0:05:31]} gxf4 32. gxf4
{[%clk 0:06:00]} Rg8 {[%clk 0:53:37]} 33. Rxg8 {[%clk 0:06:07]} Kxg8
{[%clk 0:54:01]} 34. Kf2 {[%clk 0:06:22]} Kf7 {[%clk 0:52:28]} 35. Rg1
{[%clk 0:05:34]} Rd8 {[%clk 0:51:18]} 36. Rg6 {[%clk 0:04:55]} Rh8
{[%clk 0:49:03]} 37. c4 {[%clk 0:04:37]} a5 {[%clk 0:48:52]} 38. bxa5
{[%clk 0:02:22]} Ra8 {[%clk 0:49:01]} 39. Rxh6 {[%clk 0:02:46]} Rxa5
{[%clk 0:49:13]} 40. Rh7+ {[%clk 0:01:57]} Kf6 {[%clk 0:47:48]} 41. Rh6+
{[%clk 0:02:22]} Ke7 {[%clk 0:46:55]} 42. Rg6 {[%clk 0:27:45]} Rxa3
{[%clk 1:15:09]} 43. d5 {[%clk 0:21:53]} cxd5 {[%clk 1:13:55]} 44. cxd5
{[%clk 0:22:07]} exd5 {[%clk 1:14:05]} 45. Rg7+ {[%clk 0:21:05]} Kf6
{[%clk 1:10:50]} 46. Rg6+ {[%clk 0:21:24]} Kf7 {[%clk 1:11:13]} 47. Rd6
{[%clk 0:21:43]} Rh3 {[%clk 1:10:30]} 48. Rxd5 {[%clk 0:21:10]} Rxh5
{[%clk 1:10:45]} 49. Re5 {[%clk 0:19:53]} Kf6 {[%clk 1:10:16]} 50. Kg3
{[%clk 0:19:53]} Rg5+ {[%clk 1:09:31]} 51. Kf2 {[%clk 0:10:27]} Rg4
{[%clk 1:09:32]} 52. Ke3 {[%clk 0:10:55]} Rg3+ {[%clk 1:09:20]} 53. Ke2
{[%clk 0:11:21]} Rf3 {[%clk 1:09:27]} 54. Re8 {[%clk 0:11:29]} Rxf4
{[%clk 1:09:09]} 55. Ke3 {[%clk 0:11:35]} Rf3+ {[%clk 1:08:58]} 56. Ke2
{[%clk 0:12:03]} Kg5 {[%clk 1:08:57]} 57. Ra8 {[%clk 0:11:17]} Kf4
{[%clk 1:08:27]} 58. Ra4 {[%clk 0:11:23]} Kg3 {[%clk 1:08:22]} 59. Ra8
{[%clk 0:11:33]} Kg2 {[%clk 1:05:48]} 60. Rg8+ {[%clk 0:11:49]} Rg3
{[%clk 1:05:59]} 61. Rf8 {[%clk 0:12:12]} Rg5 {[%clk 1:05:47]} 62. Ke3
{[%clk 0:11:45]} Kf1 {[%clk 1:03:00]} 63. Rf7 {[%clk 0:11:49]} Rg3+
{[%clk 1:03:09]} 64. Kd2 {[%clk 0:11:41]} e3+ {[%clk 1:02:08]} 65. Kc2
{[%clk 0:11:10]} Rf3 {[%clk 1:02:19]} 66. Rh7 {[%clk 0:10:52]} f4
{[%clk 1:01:21]} 67. Rh1+ {[%clk 0:10:51]} Kg2 {[%clk 1:01:41]} 68. Rh8
{[%clk 0:10:33]} e2 {[%clk 1:01:29]} 69. Kd2 {[%clk 0:10:49]} Re3
{[%clk 0:59:56]} 70. Rg8+ {[%clk 0:10:07]} Kf2 {[%clk 1:00:04]} 0-1

[Event "MSR_ch16"]
[Site "?"]
[Date "2024.04.06"]
[Round "2.19"]
[White "Hozlar, Michal"]
[Black "Rerko, Milos"]
[Result "1-0"]
[BlackElo "1543"]
[WhiteElo "1696"]
[LiveChessVersion "1.4.8"]

1. e4 {[%clk 1:30:16]} e5 {[%clk 1:29:57]} 2. Nf3 {[%clk 1:29:25]} Nc6
{[%clk 1:29:49]} 3. Bb5 {[%clk 1:29:03]} a6 {[%clk 1:29:25]} 4. Ba4
{[%clk 1:28:51]} b5 {[%clk 1:28:12]} 5. Bb3 {[%clk 1:27:58]} Nf6 {[%clk 1:25:13]}
6. O-O {[%clk 1:27:44]} d5 {[%clk 1:23:08]} 7. exd5 {[%clk 1:25:37]} Nxd5
{[%clk 1:21:30]} 8. Nxe5 {[%clk 1:18:25]} Nxe5 {[%clk 1:13:51]} 9. Re1
{[%clk 1:14:52]} Qd6 {[%clk 1:06:08]} 10. d4 {[%clk 1:09:28]} Bb7
{[%clk 0:58:03]} 11. Rxe5+ {[%clk 0:58:36]} Be7 {[%clk 0:55:53]} 12. c3
{[%clk 0:46:11]} O-O-O {[%clk 0:46:45]} 13. Nd2 {[%clk 0:39:02]} Qc6
{[%clk 0:39:15]} 14. Bxd5 {[%clk 0:31:42]} Rxd5 {[%clk 0:37:53]} 15. Rxe7
{[%clk 0:28:37]} Re5 {[%clk 0:37:36]} 16. d5 {[%clk 0:25:15]} Qxd5
{[%clk 0:33:38]} 17. Qg4+ {[%clk 0:25:25]} Kb8 {[%clk 0:29:28]} 18. Rxe5
{[%clk 0:24:27]} Qxe5 {[%clk 0:28:52]} 19. Nf3 {[%clk 0:22:39]} Qe2
{[%clk 0:24:00]} 20. Bf4 {[%clk 0:20:03]} Qxb2 {[%clk 0:20:50]} 21. Rd1
{[%clk 0:17:52]} Qxc3 {[%clk 0:18:07]} 22. h3 {[%clk 0:15:19]} Qc2
{[%clk 0:16:48]} 23. Rd2 {[%clk 0:14:52]} Qc4 {[%clk 0:14:53]} 24. Be3
{[%clk 0:12:26]} Qxg4 {[%clk 0:13:41]} 25. hxg4 {[%clk 0:12:51]} h5
{[%clk 0:13:13]} 26. gxh5 {[%clk 0:12:52]} Rxh5 {[%clk 0:13:31]} 27. Rd8+
{[%clk 0:13:10]} Bc8 {[%clk 0:13:55]} 28. Nd4 {[%clk 0:12:59]} Rc5
{[%clk 0:13:51]} 29. g4 {[%clk 0:12:26]} Kb7 {[%clk 0:13:36]} 30. Ne6
{[%clk 0:12:04]} Rc2 {[%clk 0:12:54]} 31. Nc5+ {[%clk 0:12:11]} Kb6
{[%clk 0:12:48]} 32. Rxc8 {[%clk 0:11:53]} Rxc5 {[%clk 0:13:08]} 33. Bxc5+
{[%clk 0:12:09]} Kxc5 {[%clk 0:13:29]} 34. Rxc7+ {[%clk 0:12:36]} Kb4
{[%clk 0:13:55]} 35. Ra7 {[%clk 0:12:53]} a5 {[%clk 0:14:17]} 36. Kf1
{[%clk 0:12:44]} a4 {[%clk 0:14:28]} 37. Rb7 {[%clk 0:13:03]} a3 {[%clk 0:14:47]}
38. Ke2 {[%clk 0:13:22]} Ka4 {[%clk 0:14:20]} 39. Kd3 {[%clk 0:13:38]} b4
{[%clk 0:14:42]} 40. Kc4 {[%clk 0:13:57]} 1-0

[Event "MSR_ch16"]
[Site "?"]
[Date "2024.04.06"]
[Round "2.20"]
[White "Nedeljak, Marek"]
[Black "Vida, Gergo"]
[Result "0-1"]
[BlackElo "1674"]
[WhiteElo "1505"]
[LiveChessVersion "1.4.8"]

1. d4 {[%clk 1:30:54]} Nf6 {[%clk 1:30:49]} 2. Nf3 {[%clk 1:31:15]} g6
{[%clk 1:31:11]} 3. c4 {[%clk 1:31:39]} Bg7 {[%clk 1:31:21]} 4. Nc3
{[%clk 1:31:59]} d5 {[%clk 1:31:34]} 5. cxd5 {[%clk 1:31:28]} Nxd5
{[%clk 1:31:45]} 6. e4 {[%clk 1:31:33]} Nxc3 {[%clk 1:32:05]} 7. bxc3
{[%clk 1:31:49]} O-O {[%clk 1:32:21]} 8. Bc4 {[%clk 1:31:42]} c5 {[%clk 1:32:13]}
9. Bb2 {[%clk 1:30:31]} Bg4 {[%clk 1:30:25]} 10. Be2 {[%clk 1:30:43]} cxd4
{[%clk 1:27:50]} 11. Nxd4 {[%clk 1:30:25]} Bxe2 {[%clk 1:27:33]} 12. Qxe2
{[%clk 1:30:06]} Qa5 {[%clk 1:26:48]} 13. O-O {[%clk 1:29:26]} Nd7
{[%clk 1:26:39]} 14. Rfd1 {[%clk 1:28:23]} Rfd8 {[%clk 1:24:25]} 15. Rd3
{[%clk 1:26:59]} Qc7 {[%clk 1:21:40]} 16. Rad1 {[%clk 1:24:22]} a6
{[%clk 1:20:45]} 17. Qd2 {[%clk 1:24:24]} Nc5 {[%clk 1:17:56]} 18. Nb5
{[%clk 1:23:01]} Rxd3 {[%clk 1:17:32]} 19. Nxc7 {[%clk 1:23:09]} Rxd2
{[%clk 1:17:43]} 20. Rxd2 {[%clk 1:23:14]} Rc8 {[%clk 1:16:12]} 21. Nd5
{[%clk 1:23:12]} Bf8 {[%clk 0:55:40]} 22. f3 {[%clk 1:20:50]} Na4
{[%clk 0:42:40]} 23. Rc2 {[%clk 1:18:08]} Nxb2 {[%clk 0:25:45]} 24. Rxb2
{[%clk 1:18:28]} Kg7 {[%clk 0:25:59]} 25. Rxb7 {[%clk 1:18:17]} e6
{[%clk 0:26:17]} 26. Rc7 {[%clk 1:18:21]} Rb8 {[%clk 0:25:10]} 27. Nb4
{[%clk 1:17:31]} Bxb4 {[%clk 0:24:25]} 28. cxb4 {[%clk 1:17:54]} Rxb4
{[%clk 0:24:38]} 29. Rc2 {[%clk 1:17:55]} Kf6 {[%clk 0:24:21]} 30. h4
{[%clk 1:17:40]} Ke7 {[%clk 0:23:06]} 31. Rd2 {[%clk 1:16:26]} f5
{[%clk 0:21:45]} 32. exf5 {[%clk 1:16:24]} exf5 {[%clk 0:22:03]} 33. Kf2
{[%clk 1:16:04]} Rxh4 {[%clk 0:21:14]} 34. Rb2 {[%clk 1:15:59]} Rd4
{[%clk 0:20:53]} 35. a3 {[%clk 1:15:17]} Rd3 {[%clk 0:20:12]} 36. a4
{[%clk 1:15:33]} Ra3 {[%clk 0:18:28]} 37. Rb4 {[%clk 1:15:56]} a5
{[%clk 0:18:24]} 38. Rd4 {[%clk 1:16:16]} Ke6 {[%clk 0:17:52]} 39. f4
{[%clk 1:16:11]} Rb3 {[%clk 0:17:26]} 40. Rd2 {[%clk 1:14:54]} Rb4
{[%clk 0:14:18]} 41. g3 {[%clk 1:14:00]} Rxa4 {[%clk 0:14:04]} 42. Re2+
{[%clk 1:14:22]} Re4 {[%clk 0:12:29]} 43. Ra2 {[%clk 1:14:46]} a4
{[%clk 0:12:34]} 44. Kf3 {[%clk 1:14:53]} Rc4 {[%clk 0:09:12]} 45. Ra3
{[%clk 1:15:05]} Rb4 {[%clk 0:08:49]} 46. Kf2 {[%clk 1:14:55]} h6
{[%clk 0:07:55]} 47. Ke2 {[%clk 1:13:38]} g5 {[%clk 0:07:49]} 48. fxg5
{[%clk 1:12:51]} hxg5 {[%clk 0:08:04]} 49. Kf2 {[%clk 1:10:43]} g4
{[%clk 0:05:22]} 50. Ke2 {[%clk 1:10:45]} Kd5 {[%clk 0:04:38]} 51. Kd2
{[%clk 1:10:41]} Kc5 {[%clk 0:03:51]} 52. Kc2 {[%clk 1:10:55]} Kb5
{[%clk 0:01:59]} 53. Kc3 {[%clk 1:10:28]} Rb3+ {[%clk 0:01:49]} 54. Rxb3+
{[%clk 1:10:51]} axb3 {[%clk 0:02:13]} 55. Kxb3 {[%clk 1:11:05]} f4
{[%clk 0:02:37]} 56. Kc3 {[%clk 1:11:29]} fxg3 {[%clk 0:02:48]} 57. Kd3
{[%clk 1:11:54]} g2 {[%clk 0:02:55]} 0-1

[Event "MSR_ch16"]
[Site "?"]
[Date "2024.04.06"]
[Round "2.21"]
[White "Kadela, Fedor"]
[Black "Bersihand, Hugo Maria"]
[Result "0-1"]
[BlackElo "1513"]
[WhiteElo "1672"]
[LiveChessVersion "1.4.8"]

1. e4 {[%clk 1:30:58]} e5 {[%clk 1:30:55]} 2. Nf3 {[%clk 1:31:24]} Nf6
{[%clk 1:31:19]} 3. Nxe5 {[%clk 1:31:42]} d6 {[%clk 1:31:44]} 4. Nf3
{[%clk 1:32:05]} Nxe4 {[%clk 1:32:10]} 5. d3 {[%clk 1:32:23]} Nf6
{[%clk 1:32:35]} 6. Be2 {[%clk 1:32:41]} Be7 {[%clk 1:32:09]} 7. O-O
{[%clk 1:33:02]} O-O {[%clk 1:32:29]} 8. Re1 {[%clk 1:33:16]} Nc6
{[%clk 1:32:45]} 9. d4 {[%clk 1:33:26]} d5 {[%clk 1:32:52]} 10. Bf4
{[%clk 1:30:11]} Bd6 {[%clk 1:30:10]} 11. Bg5 {[%clk 1:29:27]} h6
{[%clk 1:29:48]} 12. Bh4 {[%clk 1:29:48]} Re8 {[%clk 1:29:30]} 13. Nc3
{[%clk 1:29:27]} Bb4 {[%clk 1:28:43]} 14. Bxf6 {[%clk 1:25:12]} Qxf6
{[%clk 1:25:44]} 15. Nxd5 {[%clk 1:25:21]} Qd6 {[%clk 1:26:07]} 16. Nxb4
{[%clk 1:20:47]} Qxb4 {[%clk 1:26:26]} 17. Bd3 {[%clk 0:34:58]} Be6
{[%clk 1:21:33]} 18. a3 {[%clk 0:32:56]} Qd6 {[%clk 1:20:38]} 19. Qd2
{[%clk 0:29:25]} a6 {[%clk 1:19:02]} 20. c4 {[%clk 0:28:48]} Bg4 {[%clk 1:17:17]}
21. Ne5 {[%clk 0:24:25]} Nxe5 {[%clk 1:17:29]} 22. dxe5 {[%clk 0:24:48]} Qe6
{[%clk 1:17:45]} 23. Qc3 {[%clk 0:21:45]} Bf5 {[%clk 1:13:44]} 24. Bxf5
{[%clk 0:21:33]} Qxf5 {[%clk 1:14:13]} 25. Rad1 {[%clk 0:20:39]} Rad8
{[%clk 1:12:19]} 26. Rxd8 {[%clk 0:18:46]} Rxd8 {[%clk 1:12:19]} 27. h3
{[%clk 0:19:00]} Qf4 {[%clk 1:11:24]} 28. g3 {[%clk 0:17:11]} Qf5
{[%clk 1:10:26]} 29. Qe3 {[%clk 0:13:34]} Qxh3 {[%clk 1:09:45]} 30. e6
{[%clk 0:13:53]} Qxe6 {[%clk 1:09:47]} 31. Qxe6 {[%clk 0:14:12]} fxe6
{[%clk 1:10:12]} 32. Rxe6 {[%clk 0:14:27]} Kf7 {[%clk 1:10:35]} 33. Re2
{[%clk 0:14:41]} Rd1+ {[%clk 1:09:00]} 34. Kg2 {[%clk 0:15:03]} Rc1
{[%clk 1:09:24]} 35. b3 {[%clk 0:15:05]} Rc3 {[%clk 1:09:47]} 36. Re3
{[%clk 0:15:20]} Rxe3 {[%clk 1:09:11]} 37. fxe3 {[%clk 0:15:37]} Ke6
{[%clk 1:09:14]} 38. Kf3 {[%clk 0:15:34]} Ke5 {[%clk 1:08:16]} 39. b4
{[%clk 0:13:54]} h5 {[%clk 1:07:17]} 40. a4 {[%clk 0:13:34]} b6 {[%clk 1:07:07]}
41. b5 {[%clk 0:11:27]} a5 {[%clk 1:06:59]} 42. e4 {[%clk 0:11:17]} g5
{[%clk 1:06:49]} 43. Ke3 {[%clk 0:11:25]} h4 {[%clk 1:06:51]} 44. gxh4
{[%clk 0:11:46]} gxh4 45. Kf3 h3 {[%clk 1:06:51]} 46. Kg3 {[%clk 0:12:11]} Kxe4
{[%clk 1:07:12]} 0-1